000 00809nac a22002417a 4500
001 BR7375999
003 BR-BrBNA
005 20240105113737.0
008 230509b bl.|||m| |||| 00| 0 por d
040 _aBR-BrBNA
_bpor
_cBiblioteca Nacional de Agricultura
072 _aF00; H10; H20
090 _a2430 BR7375999
100 1 _aLacerda, M.M. de
110 1 _aSuperintendencia da Defesa da Borracha, Rio de Janeiro, GB (Brasil)
_910024
245 1 _aSubsidios para o estudo das manicobas lactescentes [Brasil]
260 3 _aRio de Janeiro, GB (Brasil):
_c1913.
300 _a43 p.
490 _aMonografia - Superintendencia da Defesa da Borracha (Brazil)
_vno. 22
_x
650 _aMANICOBA
650 _aPRATICA CULTURAL
909 _a202312
_bLúcia Elande
_c55
_dLúcia Elande
942 _2AGRIS
_n0
_cMS
999 _c265309
_d265309